000 00669nam a2200193Ia 4500
003 GCL
008 140319s9999 xx 000 0 ara d
040 _aGCL /
_cGCL
082 0 4 _a384.554
_bس ع
100 1 _aسعد لبيب
245 1 0 _aالعرب واقمار البث التليفزيونى المباشر /
_cسعد لبيب
300 _a67 ص
490 _aسلسلة بحوث ودراسات تليفزيونية
_v0
650 0 4 _aالتليفزيون
650 0 4 _aالاتصالات عبر الاقمار الصناعية
650 0 4 _aالاقمار الصناعية
650 0 4 _aالتليفزيون - ارسال واستقبال
942 _2ddc
_cBK
999 _c52339
_d52339